Mùa xuân đang đến

محفوظ في:
التفاصيل البيبلوغرافية
المؤلف الرئيسي: Huỳnh Ngọc Chi
التنسيق: كتاب
اللغة:Undetermined
منشور في: Tp. HCM Văn nghệ 1996
الموضوعات:
الوسوم: إضافة وسم
لا توجد وسوم, كن أول من يضع وسما على هذه التسجيلة!
Thư viện lưu trữ: Trung tâm Học liệu Trường Đại học Cần Thơ
LEADER 00486nam a2200181Ia 4500
001 CTU_53128
008 210402s9999 xx 000 0 und d
020 |b 8000 
082 |a 895.922301 
082 |b Ch300 
100 |a Huỳnh Ngọc Chi 
245 0 |a Mùa xuân đang đến 
245 0 |c Huỳnh Ngọc Chi 
260 |a Tp. HCM 
260 |b Văn nghệ 
260 |c 1996 
650 |a short stories, vietnamese 
980 |a Trung tâm Học liệu Trường Đại học Cần Thơ